LEADER 00756nam a2200205 i 4500 001 000000357455 003 CaOOAMICUS 005 20240305142650.0 008 240305s1937 it u000 u ita u 013 $a40822 040 $aSeMil$bita 100 1 $aCornaggia Medici, Luigi.$0(OLS)http://semarc/name/34724 245 13$aLe cose vanno male perchè... /$cMons. Luigi Cornaggia Medici. 260 $aFidenza :$bSegni dei Tempi,$c1937. 300 $a15 p. ;$c19 cm 850 $aSeMil 852 $aSeMil$W1$xVenegono$y1$m5B VI 2/11$j246706$B248628$CSeMilBibl$Z2$F248628 $81 996 $6245$aLe cose vanno male perchè...$9(OLS)http://semarc/title/447698 996 $6260$aFidenza :$bSegni dei Tempi$9(OLS)http://semarc/publisher/42866 LEADER 01069nam a2200253 4500 001 000000337574 003 CaOOAMICUS 005 20191029000000.0 008 191029s1988 it 000 u ita r 020 $a88-200-0766-5 040 $aSeMil$bita 100 1 $aSheldon, Sidney,$d<1917-2007>.$0(OLS)http://semarc/name/110384 240 10$aWindmills of the Gods.$0(OLS)http://semarc/title/426554 245 12$aI mulini a vento degli dei /$cSidney Sheldon ; traduzione di Maria Barbara Piccioli. 264 1$aMilano :$bSperling & Kupfer,$c1988. 300 $a446 p. ;$c20 cm 700 1 $aPiccioli, Maria Barbara.$0(OLS)http://semarc/name/45113 830 0$aPandora ;$v392.$0(OLS)http://semarc/title/24273 850 $aSeMil 852 $aSeMil$W1$xVenegono$y1$m1V VI 337$j217987$B229156$CSeMilBibl$Z2$F229156 $81 996 $6020$a88-200-0766-5$9(OLS)http://semarc/number/289063 996 $6245$aI mulini a vento degli dei$9(OLS)http://semarc/title/426555 996 $6264$aMilano :$bSperling & Kupfer$9(OLS)http://semarc/publisher/31721